Statistics for Countries With the Cheapest Gasoline

Click here to take the quiz!

General Stats

  • This quiz has been taken 1,089 times
  • The average score is 14 of 20

Answer Stats

US$Country% Correct
0.45Saudi Arabia
90%
3.69United States
88%
1.52Iran
86%
3.19Russia
84%
1.77United Arab Emirates
83%
4.50Canada
78%
0.81Kuwait
78%
4.73China
77%
4.79India
76%
3.58Mexico
76%
0.04Venezuela
75%
1.01Egypt
64%
4.08Pakistan
64%
3.73Indonesia
60%
4.20Colombia
56%
2.23Nigeria
52%
2.42Malaysia
47%
4.46Thailand
43%
4.97South Africa
41%
4.48Philippines
31%

Score Distribution

Percentile by Number Answered

Percent of People with Each Score

Your Score History

You have not taken this quiz